000 01265nam a22001937a 4500
999 _c12042
_d12042
003 AR-CdUCM
008 190405b ||||| |||| 00| 0 spa d
040 _aMUNICIPALIDAD PROVINCIAL DEL CUSCO
_cBIBLIOTECA MUNICIPAL DEL CUSCO
082 _a129.82 /
_bI53 / 1930
100 _aIngenieros, José
_9579
245 _aLa simulación en la lucha por la vida /
260 _aBuenos Aires :
_bEdiciones L. J. Rosso,
_c1930.
300 _a298 páginas ;
_c18 cm.
500 _aObras completas revisadas y anotadas por Anibal Ponce.
505 _aContenido: t.1. La simulación en la lucha por la vida. Simulación de la locura. La psicopatología en el arte -- t.2. Histeria y sugestión. La locura en la Argentina. Criminología -- t.3. Principios de psicología. Tratado del amor -- t.4-5. La evolución de las ideas argentinas -- t.6. Sociología argentina. La universidad del porvenir. Los tiempos nuevos -- t.7. Las fuerzas morales. El hombre mediocre. Hacia una moral sin dogmas. Proposiciones relativas al porvenir de la filosofía. Emilio Boutroux y la filosofía universitaria en Francia -- t.8. La cultura filosófica en España. Crónicas de viaje. Las doctrinas de Ameghino.
650 _aPsicología social
_94539
942 _2ddc
_cLIBROS
945 _adavv